000 00549nam a2200229Ia 4500
003 OSt
005 20221006151822.0
006 a|||||r|||| 00| 0
007 ta
008 221006b |||||||| |||| 00| 0 hin d
020 _c256.00
024 _a23,502
037 _cTextual
040 _aEASL
_cEASL
_bhin
041 _2hin
_ahin
100 _aKWONG L S K
_9660067
245 0 _aMosaic of the hundred years
260 _an
_bHarverd
_c1984
300 _a356p.
_ccm.
942 _cTEXL
_2CC
999 _c1091588
_d1091588